[Event "Hastings 9899"]
[Site "Hastings"]
[Date "1999.01.07"]
[Round "9"]
[White "Sokolov, Ivan"]
[Black "Plaskett, H James"]
[Result "1-0"]
[WhiteElo "2620"]
[BlackElo "2455"]
[Annotator "Stohl,I"]
[PlyCount "57"]
[EventDate "1998.12.29"]
[EventType "tourn"]
[EventRounds "9"]
[EventCountry "ENG"]
[EventCategory "13"]
[SourceTitle "CBM 069"]
[Source "ChessBase"]
[SourceDate "1999.04.01"]
[SourceVersion "1"]
[SourceVersionDate "1999.04.01"]
[SourceQuality "1"]

1. d4 {Ftacnik. McShane} e6 2. c4 b6 3. Nc3 Bb4 4. e3 $5 Bb7 {Very natural.} ({
But maybe Black should more seriously consider the immediate} 4... Bxc3+ $5 5.
bxc3 Bb7 6. Ne2 $5 (6. Nf3 f5 7. Ba3 (7. Bd3 Nf6 8. Ba3 Ne4 9. O-O Qf6 10. Nd2
d6 11. Bxe4 fxe4 12. c5 dxc5 13. dxc5 Qxc3 14. Nb3 Nc6 15. Qg4 Qe5 16. Rfd1 Ne7
17. Rac1 Bd5 18. cxb6 axb6 19. Bb4 c5 20. Bc3 Qf5 21. Qg3 Rxa2 $17 {Lautier,
J-Bricard,E/FRA-chT/1992/}) 7... Qf6 8. c5 Ne7 9. Be2 Nbc6 10. Rc1 O-O 11. O-O
Rf7 12. c4 Ng6 13. Qd2 Nce7 14. Bb2 f4 15. d5 e5 16. Bd3 d6 17. c6 Bc8 18. Ne1
Bg4 19. exf4 Nxf4 20. f3 Bh5 21. Be4 Qg5 22. Kh1 Bg6 $15 {Meulders,R-Timman,J/
Brussels/1987/}) (6. f3 Qh4+ (6... f5 $5) 7. g3 Qh5 8. e4 f5 9. exf5 Qxf5 10.
Bd3 Qh5 $2 (10... Qf7 $142 $5 $132) 11. Bf4 d6 12. Qe2 Qf7 13. Nh3 h6 14. O-O
g5 15. Bxg5 hxg5 16. Nxg5 Qf6 17. Nxe6 Kd7 18. Rae1 Nc6 19. f4 Nh6 20. d5 Na5
21. Qh5 $40 {Neiman,E-Bricard,E/Narbonne/1997/}) 6... d6 7. Ng3 Ne7 8. e4 O-O
9. Bd3 f5 10. exf5 Nxf5 11. O-O Nd7 12. Qg4 Qf6 13. Bd2 c5 14. Rae1 g6 15. Ne4
Bxe4 16. Bxe4 Rac8 17. Bb7 Rce8 18. Bc6 $36 {Pritchett,C-Arkell,K/BCF-ch/1988/}
) 5. Nge2 {An idea better known from the Nimzo-Indian. Before occupying the [+]
White wants to finish his development harmoniously and avoid the doubling of
the c-pawns.} f5 (5... Nf6 6. a3 Be7 7. d5 $1 $14 {[+]-E44}) 6. a3 Bd6 {
'?' McShane.} (6... Bxc3+ 7. Nxc3 {[%csl Gc1,Gf1] /\f3,Bd3+/=,^^}) ({Less
logical is} 6... Be7 7. d5 Nf6 (7... e5 $6 8. e4 f4 9. g3 fxg3 10. hxg3 d6 11.
Be3 Bg5 12. f4 Bh6 13. Bh3 Bc8 14. Be6 Nd7 15. Qa4 Kf8 16. O-O-O Nc5 17. Bxc5
bxc5 18. Kb1 exf4 19. gxf4 Nf6 20. e5 Nd7 21. Rh5 Ke7 22. Qc2 Ke8 23. Rdh1 Nf8
24. Bxc8 Qxc8 25. Qe4 Kd8 26. e6 Ke8 27. Qf5 Ng6 28. Qf7+ Kd8 29. Rxh6 gxh6 30.
f5 {1-0,Petrosian,T-Bohm,H/Lone Pine/1978/}) 8. g3 (8. Nd4 $5 Qc8 9. Be2 O-O
10. O-O c6 11. Bf3 c5 12. Nde2 e5 13. g3 d6 14. e4 Ba6 15. Qd3 Nbd7 16. b3 fxe4
17. Nxe4 Nxe4 18. Bxe4 Nf6 19. Bf5 Qe8 20. Nc3 Qh5 21. f4 $36 {Groszpeter,
A-Hansen,L/Copenhagen/1988/}) 8... c6 (8... b5 9. Nxb5 exd5 10. Bg2 c6 11. Nbd4
dxc4 12. Qc2 (12. Nxf5 $1 $36) 12... g6 13. Qxc4 a5 14. O-O Qb6 15. Rd1 d5 16.
Qa4 O-O 17. Nf4 Nbd7 18. Bd2 Nc5 19. Qc2 Nce4 20. Be1 Rfc8 21. f3 Nd6 22. Bf2
c5 23. Nde2 g5 $13 {Eingorn,V-Rivas Pastor,M/Bor/1986/}) 9. Bg2 cxd5 10. cxd5
e5 11. O-O d6 12. f4 e4 13. b4 Na6 14. Nd4 Qd7 15. Bb2 Nc7 16. Bh3 g6 17. Rc1
O-O 18. Nc6 Bxc6 19. dxc6 Qxc6 20. Qb3+ Rf7 21. Nxe4 Qd5 22. Qxd5 Ncxd5 23. Ng5
Rff8 24. e4 Ne3 25. Rfe1 Nfg4 26. exf5 gxf5 27. Bxg4 Bxg5 28. Bf3 {1-0,
Lombardy,W-Regan,K/Pasadena/1978/}) (6... Be7 $142 {McShane}) 7. b4 $5 {
'!' McShane. McShane: 'White only gets away with all these pawn moves because
he has more space and is gaining tempi by attacking the black pieces.'} (7. d5
Nf6 8. g3 Na6 (8... a5 9. Bg2 Na6 10. O-O O-O 11. b3 Nc5 12. Bb2 Qe7 13. Nd4
Nce4 14. Nxe4 fxe4 15. dxe6 dxe6 16. Qc2 e5 17. Nb5 Qf7 18. Rad1 Rad8 19. Rd2
Bc6 20. Nxd6 cxd6 21. a4 Qe6 22. Ba3 Rd7 23. Rfd1 Rfd8 24. b4 $14 {Gurevich,
M-Kengis,E/Tilburg/1992/}) 9. Bg2 Nc5 10. O-O O-O 11. b4 Nce4 12. Rb1 exd5 13.
Nxd5 $6 Nxd5 14. cxd5 Qe7 15. Bb2 a5 16. Nc3 axb4 17. axb4 Rae8 18. Qd4 Rf7 19.
Ba1 Be5 20. Qd3 Bxc3 21. Bxc3 Qd6 $1 $15 {><d5,Gulko,B-Speelman,J/Copenhagen/
1996/}) 7... Nf6 $146 (7... a5 8. c5 Be7 9. Rb1 (9. Bb2 $142 Nf6 10. Nf4 {
leads to the game position.}) 9... axb4 10. axb4 Nf6 11. Nf4 O-O 12. Bc4 g5 13.
Nfe2 bxc5 14. dxc5 $6 Nc6 15. f4 gxf4 16. exf4 Qe8 17. Rf1 Kh8 18. Rf3 Nxb4 19.
Rxb4 Bxf3 20. gxf3 Qh5 $40 {Plachetka,J-Kengis,E/Vienna/1990/}) 8. c5 {[%csl
Gb4,Gc5,Gd4] ()<<} Be7 9. Nf4 {McShane: 'White has won the opening battle by
gaining so much space that it is hard for Black to fully develop. Black can't
even move his d-pawn.'} a5 10. Bb2 $14 axb4 $6 {Premature, as White himself
couldn't resolve the tension advantageously.} (10... O-O $142 11. Be2 $14 (11.
Bc4 $5)) 11. axb4 Rxa1 12. Bxa1 (12. Qxa1 $143 $6 Nc6 13. b5 Nb4 14. Qa7 Qa8
$15) 12... Nc6 {'?!' Ftacnik. Ftacnik: 'This move will cost black a great deal
of pawn structure value.'} (12... O-O $5 13. Bc4 $14) 13. b5 Na5 14. c6 {
'!' McShane. '!' Ftacnik.} Bc8 $8 (14... dxc6 15. Nxe6 $16) 15. cxd7+ Qxd7 16.
Be2 {McShane: 'Satisfied with the weaknesses he has provoked, White returns to
normal development.'} Bd6 $5 (16... Bb7 17. O-O O-O 18. Nd3 $36) 17. Nh5 $1 (
17. Nd3 Bb7 18. O-O {is also quite pleasant for White, but Sokolov is more
ambitious.}) 17... Nd5 (17... Nxh5 18. Bxh5+ g6 19. Bf3 Bb7 20. Bxb7 Nxb7 21.
O-O O-O 22. Qf3 $36 {was maybe safer, but White has a permanent advantage.})
18. O-O {White plays for an attack.} (18. Nxd5 exd5 19. O-O O-O 20. Bc3 {
/\Qb1,Bb4|^ was also possible.}) 18... Bb7 19. e4 fxe4 $6 {Now White gets an
attacking position for free.} (19... Nxc3 $142 20. Bxc3 fxe4 $5 (20... Bxe4 21.
d5 {'!' McShane.} e5 22. f3 $1 Bc5+ 23. Kh1 Bxd5 24. Nxg7+ $40 {McShane: 'and
the g-pawn will fall with an obvious advantage to White.'} (24. Bxe5 $5 $16) (
24. Bxe5 {McShane and the g-pawn will fall with an obvious advantage to White.}
)) 21. d5 e5 22. Bg4 $44 (22. Ng3 O-O 23. Nxe4 Be7 $5 $132)) 20. Nxe4 O-O (
20... Bb4 {Ftacnik} 21. Bg4 O-O 22. Ng5 Re8 23. Qe2 $14) 21. Bg4 Qxb5 $2 {
Only this is a serious mistake, allowing White to activate his forces. Ftacnik:
'Plaskett accepts the rotten deal, since the exchange of the b5 pawn for the
e6 one clearly favours white.'} (21... g6 $5 22. Nhg3 $36 (22. Nxd6 Qxd6 23.
Ng3 Nf4 $36) (22. Ng5 Qe7 $1 23. Bxe6+ Kh8 $13)) (21... Re8 {Ftacnik} 22. Qe2
$14) 22. Bxe6+ Kh8 23. Re1 $16 {[%mdl 2176] -> White's attack is very strong,
his pieces coordinate well to create dangerous threats.} Bb4 (23... Nf4 24.
Nxd6 cxd6 25. d5 $40) (23... Re8 $6 24. Ng5 $18) (23... g6 $8 24. Nxd6 (24. Ng5
$5) 24... cxd6 25. Ng3 $40) 24. Qg4 g6 $8 25. Qg5 $1 $18 {'!' Ftacnik. Ftacnik:
'What are all black light pieces doing on the queenside?'} Bxe1 (25... Nc4 26.
Qh6 $1 gxh5 27. Ng5 Nf6 28. Nxh7 $18 (28. d5 $18)) 26. Qe5+ Rf6 (26... Nf6 27.
Qxb5 Nxh5 28. d5+ Ng7 29. Qb2 $18) 27. Nexf6 Nc4 {'[]' Ftacnik.} 28. Qxe1 gxh5
29. Bd7 (29. Bd7 Qa5 30. Qe8+ Kg7 31. Nxh5+ Kh6 32. Qe6+ $1 Kxh5 33. g4+ Kg5
34. h4+ $1 Kf4 (34... Kxh4 35. Qh6#) 35. Qf5#) 1-0

[Event "GER-ch 70th"]
[Site "Bremen"]
[Date "1998.11.11"]
[Round "6"]
[White "Dautov, Rustem"]
[Black "Tischbierek, Raj"]
[Result "0-1"]
[WhiteElo "2625"]
[BlackElo "2515"]
[Annotator "Stohl,I"]
[PlyCount "80"]
[EventDate "1998.11.06"]
[EventType "swiss"]
[EventRounds "9"]
[EventCountry "GER"]
[SourceTitle "CBM 068"]
[Source "ChessBase"]
[SourceDate "1999.02.01"]
[SourceVersion "1"]
[SourceVersionDate "1999.02.01"]
[SourceQuality "1"]

{One of the most unbelievable games I have seen in a long time. It is very
hard to understand what was going on all the time, with the material balance
disrupted from the very beginning.} 1. d4 {Dautov} e6 2. c4 b6 3. e4 Bb7 4. Bd3
f5 5. exf5 Bb4+ 6. Kf1 Nf6 ({Not much better is the other move} 6... exf5 7. c5
$1 bxc5 8. a3 c4 9. Bxc4 Bd6 10. Qb3 (10. Nc3 Nf6 11. Nh3 $5 Nc6 12. Bf4 Na5
13. Ba2 Ba6+ 14. Kg1 Bc4 $2 15. Bxc4 Nxc4 16. Qe2+ {1-0,Kaiser,W-Carton,P/
GER-CupT/1993/}) (10. Nf3 Nf6 11. Nc3 Qe7 12. Bg5 (12. Nb5 Nc6 13. Bd2 Ne4 14.
h4 a6 15. Nxd6+ Qxd6 16. Be1 a5 17. d5 Ne7 18. Qd4 O-O 19. Rd1 Nf6 20. h5 Bxd5
21. h6 g6 22. Kg1 Bxc4 23. Qxc4+ Ned5 24. Bc3 Qa6 25. Qa2 Qe6 26. Ng5 Nxc3 $1
27. Nxe6 Nxa2 28. Nxf8 Kxf8 29. Ra1 Re8 $17 {Grant,J-Williams,S/England/1998/})
12... Kd8 13. Nh4 g6 14. d5 Bc5 15. Na4 $6 Bxf2 16. Nf3 Bb6 17. Nxb6 axb6 18.
d6 cxd6 19. Qd4 Rf8 20. Re1 Be4 21. Qxb6+ Ke8 22. Bf4 Nc6 23. Qc7 $44 {
Seirawan,Y-Schussler,H/Malmo/1979/}) 10... Ba6 11. Bxa6 Nxa6 12. Nf3 c6 (12...
Nf6 13. Nc3 c6 14. Bg5 Qb6 15. Re1+ Kd8 16. Bxf6+ gxf6 17. Qc2 Qa5 18. g3 Nc7
19. Kg2 f4 20. d5 Nxd5 21. Nxd5 cxd5 22. Qf5 $16 {Summerscale,A-Williams,S/
Torquay/1998/}) 13. Nc3 Qb6 14. Qc4 (14. Qa2 $5 $40) 14... Nc7 15. g3 Qa6 16.
Qxa6 Nxa6 17. d5 Ne7 18. dxc6 dxc6 19. Kg2 O-O 20. Rd1 Rad8 21. Be3 $14 {
Christensen,L-Nielsen,L/DEN-chB/1992/}) 7. Be2 $1 {This creative move by
Beliavsky has put a cloud over Black's line, which even this game doesn't
disperse.} O-O (7... Bd6 8. Bh5+ Kf8 9. fxe6 dxe6 10. Bf3 Nc6 11. Nc3 Qe8 12.
Nge2 Rd8 13. Qa4 Kf7 14. Nb5 Rf8 15. Nxd6+ cxd6 16. Bg5 Kg8 17. Re1 Qg6 18. h4
Ne4 19. Rh3 Na5 20. d5 Nxg5 21. hxg5 exd5 22. cxd5 Qxg5 23. Qe4 h6 24. b4 Rde8
25. Qd3 Bc8 26. Rh5 $1 $16 {Meessen,R-Bunzmann,D/Leuven/1998/}) 8. c5 Nc6 $6 {
'?' Dautov.} ({Short's original method of sacrificing the piece seems more
promising than this newer idea.} 8... bxc5 9. a3 Ba5 10. dxc5 Nd5 11. Nf3 (11.
fxe6 $5 {Dautov} Qf6 12. Nf3 c6 13. Qc2 dxe6 14. h4 e5 15. Nbd2 Bxd2 16. Bxd2
a5 $44 {Khenkin-Bunzmann/Bad Wiessee 1998}) 11... Rxf5 {'!' Dautov.} 12. b4
Nxb4 13. axb4 Bxb4 14. Bb2 {'+/-' Dautov. Dautov: 'Beliavsky,A-Short,N/
Groningen (m/1) 1997'} a5 15. h4 Rd5 16. Qb3 Na6 17. Nc3 Nxc5 18. Qc2 Rf5 19.
Rh3 Qe7 20. Kg1 Raf8 21. Rf1 d6 22. Ng5 $36 {Beliavsky,A-Short,N/Groningen/
1997/}) 9. a3 (9. Nf3 $5 $16) 9... Nxd4 10. axb4 Nxe2 11. Qxe2 $5 {'N?!'
Dautov. White quite logically wants to develop his N to the narural f3-square.}
({But also playable seems to be} 11. Nxe2 Ng4 12. Ng3 $1 (12. Qd4 $143 Qh4 13.
h3 Rxf5 14. g3 Qe7 {'©' Dautov. Dautov: 'Ippolito,D-Hodgson,J/Mermaid Beach
1998'} 15. hxg4 Rd5 16. Rh5 Rxd4 17. Nxd4 Qf6 18. Be3 Qg6 19. Nc3 Qxg4 20. Rh4
Qg6 21. Rd1 a5 $132 {Ippolito,D-Hodgson,J/Mermaid Beach/1998/}) (12. h3 {Dautov
} Qh4 13. Qe1 Ne5 $1 (13... Rxf5 $2 14. f3 $18) 14. Ng3 Qc4+ 15. Kg1 Nd3 16.
Qc3 Qd5 17. Rh2 exf5 $44) 12... Qh4 13. Qd2 exf5 14. Qf4 Rae8 15. h3 Qe7 16.
Bd2 Ne5 17. Rxa7 {'+-' Dautov. Dautov: 'Vaisser,A-Sulava,N/Bastia FRA 1998'}
Bd5 18. Nc3 Nd3 19. Qe3 Qf7 20. Qd4 Bc4 21. Kg1 Nxb4 22. Rxc7 Nc6 23. Qf4 bxc5
24. Kh2 Be6 25. Be3 $18 {Vaisser,A-Sulava,N/Bastia/1998/}) 11... Nd5 12. fxe6
dxe6 (12... Qf6 $5 {Dautov} 13. exd7 Rad8 $44) 13. b5 $6 ({White is a clear
piece up but he must still overcome technical problems and also some nasty
tricks:} 13. c6 $6 Bxc6 $1 14. Qxe6+ Kh8 15. Qxc6 $2 Ne3+ $1 16. Ke2 $8 Qd1+
17. Kxe3 Rae8+ $19) (13. Nf3 $142 $5 Nxb4 14. Nc3 a5 (14... Bxf3 15. gxf3 $18)
15. Kg1 $5 $18 {should be sufficient to win without complications.}) 13... a6
$5 {'!' Dautov.} (13... bxc5 {Dautov} 14. Nf3 $18) 14. Nf3 (14. c6 axb5 $1 15.
Rxa8 Bxa8 16. Qxe6+ Kh8 17. Nf3 Nb4 $132) (14. bxa6 Bxa6 (14... Nb4 $5 15. a7
Ba6 $1 16. Rxa6 Nxa6 $14 {<=>}) 15. Rxa6 Rxa6 16. Qxa6 Ne3+ 17. Ke2 Qd1+ 18.
Kxe3 Qxc1+ {'->' Dautov.} 19. Nd2 Qxc5+ 20. Kd3 Qd5+ {/\Qg2+/=}) 14... axb5 15.
Rxa8 Qxa8 $32 {<=>} 16. h4 $5 {Dautov: '/\Kg1-h2'} (16. Ng5 $2 Nf4 $1 17. Bxf4
Bxg2+ 18. Kg1 Bxh1 19. Qxe6+ Kh8 $15) (16. Qxe6+ Kh8 17. Ng5 Nf4 18. Nf7+ $2
Rxf7 19. Qxf7 Bxg2+ 20. Ke1 (20. Kg1 Nh3#) 20... Qe4+ 21. Be3 Qxb1+ 22. Kd2
Qd3+ 23. Ke1 (23. Kc1 Ne2#) 23... Qe2#) 16... Qa1 (16... bxc5 {Dautov} 17. Kg1
$16) 17. Qxe6+ Kh8 18. Ne5 (18. Ng5 {Dautov} Nf6) 18... Nf6 $8 (18... Ne3+ $2
19. Kg1 Bd5 20. Qe7 $18) (18... Qxb1 $2 19. Nf7+ Kg8 20. Nh6+ Kh8 21. Qg8+ Rxg8
22. Nf7#) 19. Nf7+ (19. h5 Be4 $8 (19... Qxb1 $2 20. Ng6+ $1 $18) 20. Nf7+ (20.
Qe7 $6 Re8 (20... Kg8 $2 21. h6 gxh6 22. Qe6+ Kh8 23. Nf7+ $18) 21. Nf7+ Kg8
$36) 20... Rxf7 21. Qxf7 Qxb1 22. Qf8+ Ng8 23. Qf4 Qd3+ 24. Kg1 Qd1+ 25. Kh2
Qxh5+ $11 (25... Qxh5+ {Dautov} 26. Kg1 Qd1+ $11)) 19... Kg8 $6 (19... Rxf7
$142 $1 20. Qxf7 Qxb1 21. Qf8+ Ng8 22. Qf4 bxc5 23. Kg1 Nf6 24. Kh2 $14 {/+/-})
20. Ne5+ Kh8 21. Nf7+ Kg8 22. Nd6+ Kh8 23. Qe7 Kg8 (23... Ra8 $2 {Dautov} 24.
Nf7+ Kg8 25. Nd8 $1 Bd5 26. Ne6 Nh5 (26... Bxe6 27. Qxe6+ Kh8 28. Qf5 $18) 27.
Nxc7 Qxb1 28. Qe3 Bc4+ 29. Kg1 Rf8 30. cxb6 $18) 24. Qe6+ Kh8 25. Qe7 Kg8 26.
Qe6+ Kh8 27. Nxb7 $1 Qxb1 28. Qe1 Ne4 {'?' Dautov.} (28... Qd3+ $1 {Dautov} 29.
Kg1 Qd5 30. Bg5 Re8 $1 (30... Qxb7 31. Bxf6 gxf6 32. Qe7 Qb8 33. cxb6 cxb6 34.
Rh3 Qd8 35. Re3 $16) (30... Rg8 31. f3 Qxb7 32. Bxf6 gxf6 33. Qe6 $16) 31. Qb4
Qxb7 32. Bxf6 gxf6 33. Qxb5 Qe4 $44) 29. Rh3 $2 $138 (29. f3 $142 Ng3+ 30. Qxg3
Qxc1+ 31. Qe1 Qc4+ 32. Kf2 {'!' Dautov.} (32. Kg1 Rb8 $14) 32... Rb8 (32... Qd5
{Dautov} 33. c6 $1 Qxc6 34. Qe7 Re8 (34... Kg8 35. Rd1 $18) 35. Qxe8+ Qxe8 36.
Rd1 $18) 33. cxb6 (33. Qe7 $5 Rxb7 34. c6 (34. Rd1 h6 35. Rd8+ Kh7) 34... Rb8
35. Qxc7 Re8 36. Kg3 $16) 33... Rxb7 34. Qe8+ Qg8 35. Qxg8+ Kxg8 36. bxc7 Rxc7
37. Re1 $16 {_|_R}) 29... Rxf2+ 30. Kg1 Rc2 $2 $138 {[%mdl 8192] '(+)??'
Dautov.} (30... Qc2 $142 $1 31. Rg3 (31. Be3 Rxg2+ 32. Kh1 Re2 $36) (31. Rf3
Rxg2+ 32. Kf1 h6 $13) (31. Rc3 {Dautov} Rxg2+ 32. Kf1 Rf2+ 33. Kg1 $11) 31...
Re2 32. Qf1 Rf2 33. Qe1 $11) 31. Rf3 {'+-' Dautov.} (31. Rc3 $1 $18) 31... Nf6
(31... g6 $2 32. Rf8+ Kg7 33. Bh6+ $18) (31... h6 $2 32. Rf8+ Kh7 33. Qxe4+ $18
) (31... Kg8 32. Rf1 $18 (32. Rc3 $5 $18)) 32. Qe8+ $2 {[%mdl 8192] '??'
Dautov.} (32. Rxf6 $2 gxf6 33. Qe8+ Kg7 34. Qd7+ Kg8 (34... Kg6 $2 35. h5+ Kxh5
36. Qxh7+ Kg4 37. Qg6+ Kh4 38. Qxf6+ {/\Qg5#}) 35. Qd8+ Kf7 36. Qxc7+ Kg8 $11)
(32. Rf1 $18) (32. Rc3 $18) 32... Ng8 $1 33. Nd8 (33. Rf8 Rxc1+ 34. Kh2 Rh1+
35. Kg3 Qd3+ 36. Rf3 (36. Kg4 Qc4+ $17) 36... Qd4 $40) 33... Rxc1+ 34. Kh2 h6
35. cxb6 cxb6 36. h5 Re1 (36... Rh1+ {Dautov} 37. Kg3 Qe1+ 38. Qxe1 Rxe1 39.
Rb3 $11) 37. Re3 {'?' Dautov.} (37. Qg6 {Dautov} Rh1+ 38. Kg3 Qxg6+ (38... Qe1+
39. Rf2 Qe5+ 40. Rf4 Qe3+ 41. Rf3 $11) 39. hxg6 Nf6 40. Ra3 Re1 41. Nf7+ Kg8
42. Nd6 $11) 37... Rh1+ $6 {'?' Dautov.} (37... Rxe3 $142 38. Qxe3 Nf6 $17) 38.
Kg3 Qf5 39. Qg6 $1 Rf1 (39... Qxg6+ 40. hxg6 Nf6 41. Re6 Rh5 42. Nf7+ Kg8 43.
Rxb6 Kf8 $11) 40. Re8 $4 {[%mdl 8192] The final act of the tragedy.} (40. Qxf5
$142 Rxf5 41. Re5 $1 Rxe5 42. Nf7+ Kh7 43. Nxe5 Nf6 44. Kh4 $15 {/= White
still should be able to draw this endgame.}) (40. Re4 $1 $15 {Dautov}) 40...
Qf4+ (40... Qf4+ 41. Kh3 Rh1#) 0-1